000
00356nam a2200157Ia 4500
003
OSt
005
20240123115820.0
008
170524s9999 xx 000 0 und d
020
_a
9789354972256.
040
_c
IIMT UNIVERSITY
100
_a
RAMAN MEENAKSHI
245
0
_a
TECHNICAL COMMUNICATION
260
_b
Oxford
260
_c
2009
942
_2
ddc
_c
02
999
_c
5704
_d
5704